Co to za zwierzak? #6 - Statystyki

Ogólne statystyki
  • Ten quiz został rozwiązany 29 razy
    10 od ostatniego zresetowania
  • Średni wynik to 17 z 24
Statystyki odpowiedzi
Obrazkowy Hint Odpowiedź % Poprawnych
x lamparcia Amfitryta
100%
x masajski Bawolec
100%
x afrykańska Cybeta / Cyweta
100%
x niedźwiedziowaty Koticzak
100%
x krabożerny Majkong
100%
x afrykański, inaczej Prosię ziemne Mrównik
100%
x indyjski Nilgau
100%
x pomidorowy, inaczej Żaba pomidorowa Piękniś
100%
x domowy Ryjówek
100%
x kędzierzawy Serau
100%
x europejska Żołędnica
100%
x subsaharyjski Buszbok
50%
x pręgowany Chomiczak
50%
inaczej Mandryl równikowy Dryl
50%
x żółtożyłkowany Lironos
50%
x rudy Myszor
50%
x puszystoogonowy Nowik
50%
x palmowy Pasecznik
50%
x średni (rasa psa) Pinczer
50%
x wietnamska Saola
50%
(rasa konia) Shire / Szajer / Szajr
50%
(rasa owcy) Szewiot
50%
x rosyjski (rasa psa) Toy
50%
inaczej Kuskus plamisty Wangal
0%
Nie znaleziono quizów pasujących do podanych kryteriów
Rozkład punktacji
Procent ludzi z każdym wynikiem
Percentyl według liczby udzielonych odpowiedzi
Twoja historia wyników
Nie rozwiązałeś tego quizu od ostatniego zresetowania